¡León cristero!, 1926-1929 : ¡ave César!, morituri te salutant /

Obra sobre la Cristiada, centrada en los acontecimientos de la diócesis de León, Guanajuato, aunque contiene información relativa también a otras regiones del conflicto.

Gorde:
Xehetasun bibliografikoak
Egile nagusia: Pérez, José D. (autor)
Formatua: Liburua
Hizkuntza:gaztelania
Gaiak:
Etiketak: Etiketa erantsi
Etiketarik gabe, Izan zaitez lehena erregistro honi etiketa jartzen!

MARC

LEADER 00000nam^a2200000^a^4500
001 000125607
005 20250521000000.0
009 20260310094657.699
037 |a Acervo ITESO - Biblioteca 
041 |a ESP 
082 |a 972. 0622  |b PER 
100 |a Pérez, José D.  |e (autor) 
245 1 0 |a ¡León cristero!, 1926-1929 :  |b ¡ave César!, morituri te salutant /  |c J.D. Pérez. 
264 |a León, México :  |b editorial no identificada,  |c 1969 
300 |a 163 p. 
336 |a texto  |b txt  |2 rdacontenido 
337 |a sin mediación  |b n  |2 rdamedio 
338 |a volumen  |b nc  |2 rdasoporte 
520 |a Obra sobre la Cristiada, centrada en los acontecimientos de la diócesis de León, Guanajuato, aunque contiene información relativa también a otras regiones del conflicto. 
649 |a XX 
650 |a Guerra Cristera 
650 |a Movimientos Religiosos -  |z México -  |x Historia -  |y Régimen Callista, 1924-1928 
650 |a Movimientos Sociales -  |z México -  |x Historia -  |y Régimen Callista, 1924-1928 
650 |a Iglesia y Estado -  |z México -  |x Historia -  |y Régimen Callista, 1924-1928 
650 |a Política y Religión -  |z México -  |x Historia -  |y Régimen Callista, 1924-1928 
650 |a León, Guanajuato -  |x Historia -  |y Régimen Callista, 1924-1928 
650 |a León, Guanajuato -  |x Historia -  |y Siglo XX 
650 |a México -  |x Historia -  |y Régimen Callista, 1924-1928 
650 |a México -  |x Historia -  |y Siglo XX 
910 |a Fondo Salvador Reynoso Reynoso 
920 |a Impresos - Libros 
930 |a Fondos Especiales 
940 |a Guerra Cristera 
905 |a 112 
901 |a 0800008308  |b IT2  |c ESP  |u 20250521 
902 |a https://opac.biblio.iteso.mx/vufind/Record/000125607